000 00750nam a2200253Ia 4500
003 OSt
005 20220928125625.0
006 a|||||r|||| 00| 0
007 ta
008 220927b |||||||| |||| 00| 0 eng d
020 _c1390
024 _a113010
037 _b152, 09/11/2011, Classic Book Service
_cTextual
040 _aSDCL
_cSDCL
_beng
041 _2eng
_aeng
082 _aS:523, P6:1
100 _aVohra Swasti Shrimali
245 0 _aValue inculcation
_b A path to happiness.
260 _aNew Delhi
_bIcon Publications
_c2006
300 _axviii,336p.
_ccm.
650 _aPsychology
942 _hS:523, P6:1
_cTEXL
_2CC
999 _c783292
_d783292